000 01731nam a2200385Ia 4500
001 ebr10451008
003 CaPaEBR
006 m u
007 cr cn|||||||||
008 100726s2011 pau sb 001 0 eng d
010 _z 2010030474
020 _z9781439900031 (cloth : alk. paper)
020 _z9781439900048 (pbk. : alk. paper)
020 _z9781439900055 (ebook)
040 _aCaPaEBR
_cCaPaEBR
035 _a(OCoLC)708101724
050 1 4 _aHN290.R5
_bA48 2011eb
082 0 4 _a303.6/2086942098153
_222
100 1 _aAlves, Maria Helena Moreira,
_d1944-
245 1 0 _aLiving in the crossfire
_h[electronic resource] :
_bFavela residents, drug dealers, and police violence in Rio de Janeiro /
_cMaria Helena Moreira Alves and Philip Evanson ; with the assistance of Cristina Pedroza de Faria (Kita Pedroza) and Jose Valentin Palacios Vilches.
260 _aPhiladelphia, Pa. :
_bTemple University Press,
_c2011.
300 _ax, 240 p.
490 1 _aVoices of Latin American life
504 _aIncludes bibliographical references and index.
533 _aElectronic reproduction.
_bPalo Alto, Calif. :
_cebrary,
_d2011.
_nAvailable via World Wide Web.
_nAccess may be limited to ebrary affiliated libraries.
650 0 _aDrug traffic
_zBrazil
_zRio de Janeiro.
650 0 _aSlums
_zBrazil
_zRio de Janeiro.
650 0 _aSquatter settlements
_zBrazil
_zRio de Janeiro.
650 0 _aViolence
_zBrazil
_zRio de Janeiro.
655 7 _aElectronic books.
_2local
700 1 _aEvanson, Philip.
710 2 _aebrary, Inc.
830 0 _aVoices of Latin American life.
856 4 0 _uhttp://site.ebrary.com/lib/rucke/Doc?id=10451008
_zAn electronic book accessible through the World Wide Web; click to view
999 _c138800
_d138800